000 00742nam a2200205Ii 4500
003 JO-AjNU
008 230605s9999||||xx |||||||||||||| ||und||
040 _aJO-AjNU
_bara
_erda
_cJO-AjNU
041 _aara
050 1 4 _aDT319.N3722 1987
100 3 _aتاليف نصرالله، سعدون عباس,
_eauthor
_937033
245 0 0 _aدولة الأدارسة في المغرب: العصر الذهبي 172-223 هجري/788-835م
250 _aط1
264 3 1 _aبيروت: دار النهضة العربية، 1987
300 _a208ص
_b صور توضيحية
336 _atext
_btxt
_2rdacontent
337 _aunmediated
_bn
_2rdamedia
338 _avolume
_bnc
_2rdacarrier
650 4 _aالادارسة-المغرب-تاريخ
_937034
999 _aA15438
_c19006
_d19006